Normal view MARC view
  • Creative Thinking.NUSTTB2022

Entry Topical Term

Number of records used in: 1

001 - CONTROL NUMBER

  • control field: 104118

003 - CONTROL NUMBER IDENTIFIER

  • control field: NUST

005 - DATE AND TIME OF LATEST TRANSACTION

  • control field: 20221205115649.0

008 - FIXED-LENGTH DATA ELEMENTS

  • fixed length control field: 221205|| aca||aabn | a|a d

040 ## - CATALOGING SOURCE

  • Original cataloging agency: NUST
  • Transcribing agency: NUST

150 ## - HEADING--TOPICAL TERM

  • Topical term or geographic name entry element: Creative Thinking.NUSTTB2022

670 ## - SOURCE DATA FOUND

  • Source citation: Work cat.: (NUST)592578: Cropley, David H 104029, Creativity In Engineering:, 2015.
© 2023 Central Library, National University of Sciences and Technology. All Rights Reserved.